| 000 -LEADER |
| fixed length control field |
01735cam a22003858i 4500 |
| 001 - CONTROL NUMBER |
| control field |
21056614 |
| 003 - CONTROL NUMBER IDENTIFIER |
| control field |
NUST |
| 005 - DATE AND TIME OF LATEST TRANSACTION |
| control field |
20221007092147.0 |
| 008 - FIXED-LENGTH DATA ELEMENTS--GENERAL INFORMATION |
| fixed length control field |
190701s2019 flu b 001 0 eng |
| 010 ## - LIBRARY OF CONGRESS CONTROL NUMBER |
| LC control number |
2019025186 |
| 020 ## - INTERNATIONAL STANDARD BOOK NUMBER |
| International Standard Book Number |
9781138591288 |
| Qualifying information |
(hardback) |
| 020 ## - INTERNATIONAL STANDARD BOOK NUMBER |
| International Standard Book Number |
9781138591264 |
| Qualifying information |
(paperback) |
| 020 ## - INTERNATIONAL STANDARD BOOK NUMBER |
| Canceled/invalid ISBN |
9780429490521 |
| Qualifying information |
(ebook) |
| 040 ## - CATALOGING SOURCE |
| Original cataloging agency |
LBSOR/DLC |
| Language of cataloging |
eng |
| Description conventions |
rda |
| Transcribing agency |
DLC |
| 042 ## - AUTHENTICATION CODE |
| Authentication code |
pcc |
| 050 00 - LIBRARY OF CONGRESS CALL NUMBER |
| Classification number |
TR897.5 |
| Item number |
.W65 2019 |
| 082 00 - DEWEY DECIMAL CLASSIFICATION NUMBER |
| Classification number |
777.7, WIN |
| Edition number |
23 |
| 100 1# - MAIN ENTRY--PERSONAL NAME |
| Personal name |
Winder, Catherine, |
| Relator term |
author. |
| 9 (RLIN) |
99422 |
| 245 10 - TITLE STATEMENT |
| Title |
Producing animation / |
| Statement of responsibility, etc. |
by Catherine Winder, Zahra Dowlatabadi, Tracey Miller-Zarneke. |
| 250 ## - EDITION STATEMENT |
| Edition statement |
3rd edition. |
| 263 ## - PROJECTED PUBLICATION DATE |
| Projected publication date |
1912 |
| 264 #1 - PRODUCTION, PUBLICATION, DISTRIBUTION, MANUFACTURE, AND COPYRIGHT NOTICE |
| Place of production, publication, distribution, manufacture |
Boca Raton : |
| Name of producer, publisher, distributor, manufacturer |
CRC Press, |
| Date of production, publication, distribution, manufacture, or copyright notice |
[2019] |
| 300 ## - PHYSICAL DESCRIPTION |
| Extent |
xviii, 369: pages |
| 336 ## - CONTENT TYPE |
| Content type term |
text |
| Content type code |
txt |
| Source |
rdacontent |
| 337 ## - MEDIA TYPE |
| Media type term |
unmediated |
| Media type code |
n |
| Source |
rdamedia |
| 338 ## - CARRIER TYPE |
| Carrier type term |
volume |
| Carrier type code |
nc |
| Source |
rdacarrier |
| 505 0# - FORMATTED CONTENTS NOTE |
| Formatted contents note |
Introduction (Page-1), The animation producer (Page-13), How to identify and sell projects (Page-39),The core team (Page-59),The development process (Page-85),The production plan (Page-127),The production team (Page-165),Pre-production (page-189), Production (Page-229),Post-production (Page-265),Tracking production (Page-289),Building a franchise: distribution, marketing, licensing and more (Page-307). |
| 650 #0 - SUBJECT ADDED ENTRY--TOPICAL TERM |
| Topical term or geographic name entry element |
Animation (Cinematography) |
| 9 (RLIN) |
26843 |
| 700 1# - ADDED ENTRY--PERSONAL NAME |
| Personal name |
Dowlatabadi, Zahra, |
| Relator term |
author. |
| 9 (RLIN) |
99423 |
| 700 1# - ADDED ENTRY--PERSONAL NAME |
| Personal name |
Miller-Zarneke, Tracey, |
| Relator term |
author. |
| 9 (RLIN) |
99424 |
| 776 08 - ADDITIONAL PHYSICAL FORM ENTRY |
| Relationship information |
Online version: |
| Main entry heading |
Winder, Catherine. |
| Title |
Producing animation |
| Edition |
Third edition. |
| Place, publisher, and date of publication |
Boca Raton : CRC Press, Taylor & Francis Group, [2020] |
| International Standard Book Number |
9780429490521 |
| Record control number |
(DLC) 2019025187 |
| 906 ## - LOCAL DATA ELEMENT F, LDF (RLIN) |
| a |
7 |
| b |
cbc |
| c |
orignew |
| d |
1 |
| e |
ecip |
| f |
20 |
| g |
y-gencatlg |
| 942 ## - ADDED ENTRY ELEMENTS (KOHA) |
| Source of classification or shelving scheme |
|
| Koha item type |
Book |